Представление документа в формате RUSMARC

ПолеНазваниеЗначение
  Тип записи a
  Библиографический уровень m
001 Контрольный номер RU/SLIB/B/208727738
005 Дата корректировки 20220512164041.2
010 Индекс ISBN __
a ISBN 985-6516-34-x
d Цена 110-00
101 Язык документа 0_
a Язык текста rus
c Язык оригинала rus
200 Заглавие и сведения об ответственности 1_
a Заглавие Менеджмент туризма
e Сведения, относящиеся к заглавию учеб. пособие
f Первые сведения об ответственности Н. И. Кабушкин
b Общее обозначение материала Текст
205 Сведения об издании __
a Основные сведения об издании 2-е изд., перераб.
210 Выходные данные 1_
a Место издания Минск
c Издательство Новое знание
d Дата издания 2001
215 Физическое описание __
a Объем 431 с.
330 Аннотация __
a Аннотация Рассмотрена эволюция менеджмента предприятий туризма как объекта управления. Раскрыты функции, принципы и методы туристского менеджмента. Для студентов, преподавателей, руководителей.
606 Тематические рубрики __
a Основная рубрика Экономика
a Основная рубрика Экономика туризма
610 Ключевые слова 0_
a Ключевые слова туризм; менеджмент; конфликты; руководители; турфирмы; туристический бизнес; общение; стрессы; менеджеры
686 Индексы других классификаций __
a Классификационный индекс 65.433-21я73; ст65.3я73
700 Автор _1
a Фамилия Кабушкин
b Имя Н. И.
4 Код отношения 070
801 Источник записи _0
a Страна RU
b Организация Муниципальное бюджетное учреждение культуры "Централизованная библиотечная система" г. Сургут (Центральная городская библиотека им. А. С. Пушкина)
g Правила каталогизации КиК/Тесленко
801 Источник записи _1
a Страна RU
b Организация Муниципальное бюджетное учреждение культуры "Централизованная библиотечная система" г. Сургут (Центральная городская библиотека им. А. С. Пушкина)
g Правила каталогизации КиК/Тесленко
852 Данные о местонахождении __
j Шифр хранения 65.433-21я73
c Каталожный индекс 65.433-2я73
i Авторский знак К 12
901 Тип документа __
t Тип документа m
903 Характеристики (МАРС) __
a Дата передачи 20020820
969 Тип издания __
a Тип издания учебное пособие
990 Данные о заказе (DOS) __
j Количество экземпляров (DOS) 4
t N записи в КСУ для И/У (DOS) 200209